| 000 | 01811nam0a2200361 i 4500 | ||
|---|---|---|---|
| 001 | RU\NLR\bibl\1947704 | ||
| 005 | 20260408191427.0 | ||
| 010 |
_a9785906001030 _9250 |
||
| 021 |
_aRU _b2012-66749 _94893 |
||
| 035 | _a(NLR Aleph) 001936885 | ||
| 090 |
_a3511946 _c3511946 |
||
| 100 | _a20120924d2012 k y0rusy50 ca | ||
| 101 | 0 |
_arus _erus _eeng |
|
| 102 | _aRU | ||
| 105 | _ay ||||||||| | ||
| 200 | 1 |
_aРусский либерализм сквозь призму неокантианства _dRussian liberalism - across the lens of Neo-Kantianism _e(идеалы и воплощение) _fП.Е. Царьков _gМ-во образования и науки Рос. Федерации, ФГАНУ "Центр социол. исслед." _zeng |
|
| 210 |
_aМосква _cЦентр социального прогнозирования и маркетинга _d2012 |
||
| 215 |
_a86 с. _d22 |
||
| 300 | _aАвт. также на англ. яз.: Petr E. Tsarkov | ||
| 320 | _aБиблиогр. в конце гл. и в подстроч. примеч. | ||
| 510 | 0 |
_6z45790 _aRussian liberalism - across the lens of Neo-Kantianism _zeng |
|
| 606 | 1 |
_aНеокантианство _xИстория _yРоссия _92151968 _3RU\NLR\auth\661600612 |
|
| 606 |
_aЛиберализм _yРоссия _z19 - 20 вв. _xФилософские вопросы _3RU\NLR\auth\661270452 _92100587 |
||
| 686 | _aЮ3(2)6-632 | ||
| 686 | _aТ3(2)52-477 | ||
| 686 | _aЮ6г(2) | ||
| 700 | 1 |
_4070 _8rus _7ca _aЦарьков _bП. Е. _f1986- _gПетр Евгеньевич _3RU\NLR\auth\77115807 _998732 |
|
| 790 | 1 |
_4070 _8rus _7ba _aCar'kov _bP. E. _f1986- _gPetr Evgen'evič _3RU\NLR\auth\77115810 _998735 |
|
| 801 | 0 |
_aRU _bNLR _c20120924 _gRCR |
|
| 801 | 1 |
_aRU _bNLR _c20120924 |
|
| 942 | _cBOOK | ||
| 980 | _aNBR | ||